000 00421cam a22001457a 4500
008 180718b2007 xxu||||| |||| 00| 0 eng d
020 _a8131404900
082 _aT108 M421
245 _aCase studies on macroeconomics, vol.1
_cedited by Mercy Mathew
260 _aHyderabad
_bICFAI Books
_c2007
300 _a292p.
650 _aEconomic development
650 _aMacroeconomics -- Case studies
700 _aMathew, Mercy
999 _c407933
_d407933